• 首页
  • 本馆介绍
  • 公告通知
  • 最新文献
  • 馆藏检索
  • 电子资源
  • 读者导购
  • 参考咨询
  • 我的图书馆
  • 登录
  • 详细信息显示
  • 放入我的书架
  • 预约/预借图书
  • 作者相关作品
  • 分类相关作品
  • 丛书相关作品
  • 出版社相关作品

书目信息

  • 表格格式
  • 工作单格式
  • 卡片格式
题名:
让人幸福的教育
    
 
作者: 孙云晓 著
分册:  
出版信息: 合肥   安徽教育出版社  2009.1
页数: 312页
开本: 23cm
丛书名:
单 册:
中图分类: G61-53
科图分类:
主题词: 儿童教育--文集
电子资源:
ISBN: 978-7-5336-5199-2
000 00977nam0 2200265 45
001 515
005 20120531163002.40
010    @a978-7-5336-5199-2@dCNY36.00
100    @a20120328d2009 ekmy0chiy50 ea
101 0  @achi
102    @aCN@b340000
105    @aaf z 000yy
106    @ar
200 1  @a让人幸福的教育@ARang Ren Xing Fu De Jiao Yu@e孙云晓教育随笔精粹@ESun Yun Xiao Jiao Yu Sui Bi Jing Cui@f孙云晓著@FSun Yun Xiao Zhu
210    @a合肥@c安徽教育出版社@d2009.1
215    @a312页@c彩图@d23cm
300    @a其他题名:孙云晓教育随笔精粹
304    @a责任者取自CIP数据
330    @a本书主要包括:教育时评,我的成长历程,教育思想的碰撞,其中我的成长历程包括:我的童年,不惑之年忆成长,每一份爱都值得珍惜,童年需要自然成长等。
517 1  @a孙云晓教育随笔精粹@ASun Yun Xiao Jiao Yu Sui Bi Jing Cui
606 0  @a儿童教育@j文集
690    @aG61-53@v4
701  0 @a孙云晓@ASun Yun Xiao@4著
801  0 @aCN@bTSTCL@c20120328
905    @b0811390-94@dG61-53@e208@f5
    
    让人幸福的教育:孙云晓教育随笔精粹/孙云晓著.-合肥:安徽教育出版社,2009.1
    312页:彩图;23cm
    其他题名:孙云晓教育随笔精粹
    
    ISBN 978-7-5336-5199-2:CNY36.00
    本书主要包括:教育时评,我的成长历程,教育思想的碰撞,其中我的成长历程包括:我的童年,不惑之年忆成长,每一份爱都值得珍惜,童年需要自然成长等。
●
相关链接 在E读中查询图书 在五车中查询图书 在当当中查询图书 在豆瓣中查询图书


正题名:让人幸福的教育     索取号:G61-53/208         预约/预借

序号 登录号 条形码 馆藏地/架位号 状态 备注
1 0811390   208113904   第一样本阅览室/ [索取号:G61-53/208] 在馆    
2 0811391   208113913   教育系资料室/ [索取号:G61-53/208] 在馆    
3 0811392   208113922   第四借阅区/ [索取号:G61-53/208] 在馆    
4 0811393   208113931   教育系资料室/ [索取号:G61-53/208] 在馆    
5 0811394   208113940   第四借阅区/ [索取号:G61-53/208] 在馆    
唐山师范学院图书馆 欢迎您!
大连网信软件有限公司© 版权所有